Chápanie komunálneho odpadu v zmysle právnych úprav a jeho dopad pre obchodnú činnosť

Problematika produkcie a spracovania odpadu. Legislatíva upravujúca právny rámec problematiky odpadov v SR. Implementácia právnych úprav v zameraní na odpad v obchodnej činnosti.

Na minha lista:
Detalhes bibliográficos
Autor principal: Lieskovská, Vanda, 1961-
Outros Autores: Petrovčiková, Katarína, 1977-
Formato: Capítulo de Livro
Idioma:eslovaco
Assuntos:
Tags: Adicionar Tag
Sem tags, seja o primeiro a adicionar uma tag!

MARC

LEADER 00000naa a2200000 4500
001 0282727
005 20240502074406.1
041 0 |a slo 
044 |a SK 
245 1 0 |a Chápanie komunálneho odpadu v zmysle právnych úprav a jeho dopad pre obchodnú činnosť  |c Vanda Lieskovská, Katarína Petrovčiková 
520 |a Problematika produkcie a spracovania odpadu. Legislatíva upravujúca právny rámec problematiky odpadov v SR. Implementácia právnych úprav v zameraní na odpad v obchodnej činnosti. 
610 2 0 |a odpad komunálny 
610 2 0 |a spracovanie odpadu 
610 2 0 |a likvidácia odpadu 
610 2 0 |a úpravy právne 
610 2 0 |a činnosť hospodárska 
610 2 0 |a legislatíva 
100 1 |a Lieskovská, Vanda, 1961- 
700 1 |a Petrovčiková, Katarína, 1977-